Poetry direct and oblique.

Bibliographic Details
Main Author: Tillyard, E. M. W. (Eustace Mandeville Wetenhall), 1889-1962
Format: Book
Language:English
Published: London : Chatto & Windus, [1945]
Edition:[Rev. and reset].
Subjects:

MARC

Tag First Indicator Second Indicator Subfields
LEADER 00000cam a2200000 4500
001 in00000031484
005 20151007061709.0
008 720613s1945 enk 00000 eng u
010 |a a 48006578  
035 |a (OCoLC)00330673 
035 |9 AAD2801AM 
040 |c WSU  |d TXA  |d UtOrBLW 
049 |a TXAM  |c [157337] 
050 0 |a PN1031  |b .T5 1945 
092 |a 808.1  |b T579p 
100 1 |a Tillyard, E. M. W.  |q (Eustace Mandeville Wetenhall),  |d 1889-1962. 
245 1 0 |a Poetry direct and oblique. 
250 |a [Rev. and reset]. 
264 1 |a London :  |b Chatto & Windus,  |c [1945] 
300 |a 115 pages ;  |c 20 cm. 
336 |a text  |b txt  |2 rdacontent 
337 |a unmediated  |b n  |2 rdamedia 
338 |a volume  |b nc  |2 rdacarrier 
650 0 |a Poetry. 
650 0 |a English poetry  |x History and criticism. 
999 |a MARS 
999 f f |s 179b5197-51fc-3e3c-9d3f-fa4cd0c6d20c  |i 6aafd139-92d5-366d-a640-a2e904d76382  |t 0 
952 f f |p ric  |a Texas A&M University  |b Rellis Campus  |c Joint Library Facility  |d Remote Storage  |t 0  |e PN1031 .T5 1945  |h Library of Congress classification  |i unmediated -- volume  |m A14801196982 
998 f f |a PN1031 .T5 1945  |t 0  |l Remote Storage